Variaciones de la hormona hipofisaria somatolactina en la adaptación a los cambios de coloración del entorno en Cichlasoma dimerus

En peces, el control de la coloración corporal está regulada por múltiples hormonas y por el sistema nervioso autónomo (SNA). En esta Tesis se propone también a Somatolactina (SL) como factor involucrado en este proceso. En primer lugar se clonó y secuenció a SL y su receptor putativo, el rec...

Description complète

Enregistré dans:
Détails bibliographiques
Auteur principal: Cánepa, Maximiliano Martín
Collectivité auteur: e-libro, Corp
Format: Thèse eBook
Langue:espagnol
Publié: Buenos Aires, Argentina : Universidad de Buenos Aires, 2010.
Sujets:
Accès en ligne:https://elibro.unach.elogim.com/es/lc/unach/titulos/85635
Tags: Ajouter un tag
Pas de tags, Soyez le premier à ajouter un tag!

MARC

LEADER 00000nam a2200000 a 4500
001 ELB85635
003 FlNmELB
006 m o d |
007 cr cn|||||||||
008 201301r2010 ag |||||s|||||||||||spa d
035 |a (MiAaPQ)EBC3200165 
035 |a (Au-PeEL)EBL3200165 
035 |a (CaPaEBR)ebr10576727 
035 |a (OCoLC)929384075 
040 |a FlNmELB  |b spa  |c FlNmELB 
050 4 |a QH308.2  |b C221 2010 
080 |a 57 
082 0 4 |a 574  |2 22 
100 1 |a Cánepa, Maximiliano Martín. 
245 1 0 |a Variaciones de la hormona hipofisaria somatolactina en la adaptación a los cambios de coloración del entorno en Cichlasoma dimerus  |h [recurso electronico] /  |c Maximiliano Martín Cánepa ; director: Paula Gabriela Vissio. 
260 |a Buenos Aires, Argentina :  |b Universidad de Buenos Aires,  |c 2010. 
502 |a Universidad de Buenos Aires. Facultad de Ciencias Exactas y Naturales. 
520 |a En peces, el control de la coloración corporal está regulada por múltiples hormonas y por el sistema nervioso autónomo (SNA). En esta Tesis se propone también a Somatolactina (SL) como factor involucrado en este proceso. En primer lugar se clonó y secuenció a SL y su receptor putativo, el receptor de hormona de crecimiento tipo 1 (RGH1) en el pez cíclido, Cichlasoma dimerus. El análisis filogenético de ambos indica que se encuentran altamente conservados entre los peces del superorden Acanthopterygii tales como medaka, Oryzias latipes, y tilapia, Oreochromis mossambicus. Posteriormente, se evaluó la expresión de SL en hipófisis y el RGH1 en el tegumento mostrando que la expresión de ambos es mayor en animales mantenidos en un entorno negro. A continuación, se observó que las fibras inmunoreactivas (ir-) a MCH (hormona concentradora de melanina) y fibras ir-GnRH (hormona liberadora de gonadotrofinas) están relacionadas morfológicamente con las células de SL. Por último, estudios de liberación de SL a partir de hipófisis intactas en cultivo mostraron que tanto MCH como GnRH actúan como factores liberadores de SL. A partir de los resultados de esta Tesis se concluye que SL forma parte de un sistema multifactorial de regulación de la adaptación de la coloración del entorno actuando directamente sobre el tegumento. 
533 |a Recurso electrónico. Santa Fe, Arg.: e-libro, 2015. Disponible vía World Wide Web. El acceso puede estar limitado para las bibliotecas afiliadas a e-libro. 
650 4 |a Biología. 
650 4 |a Fisiología animal. 
650 0 |a Biology. 
650 0 |a Animal physiology. 
655 4 |a Libros electrónicos. 
700 1 |a Vissio, Paula Gabriela,   |e dir. 
710 2 |a e-libro, Corp. 
856 4 0 |u https://elibro.unach.elogim.com/es/lc/unach/titulos/85635